El liberalismo mexicano : la sociedad fluctuante /

Na minha lista:
Detalhes bibliográficos
Autor principal: Reyes Heroles, Jesús (autor)
Formato: Livro
Idioma:espanhol
Publicado em: México : Fondo de Cultura Económica, 1988, c1988
Tags: Adicionar Tag
Sem tags, seja o primeiro a adicionar uma tag!

MARC

LEADER 00000nam^a2200000^a^4500
001 000563996
005 20250521000000.0
009 20260310132016.757
020 |a 968-16-2937-X 
020 |a 968-16-1095-4 
037 |a Acervo Xavier Clavigero 
041 |a ESP 
091 |a FPA. 00651 
100 |a Reyes Heroles, Jesús  |e (autor) 
245 1 3 |a El liberalismo mexicano :  |b la sociedad fluctuante / 
264 4 |a México :  |b Fondo de Cultura Económica,  |c 1988, c1988 
300 |a XXIII, 506 p. 
336 |a texto  |b txt  |2 rdacontenido 
337 |a sin mediación  |b n  |2 rdamedio 
338 |a volumen  |b nc  |2 rdasoporte 
649 |a XX 
910 |a Fondo José Ignacio Palencia Gómez S.J. 
920 |a Impresos - Libros 
930 |a Fondos Especiales 
905 |a 137 
901 |a 0500358823  |b IT2  |c ESL  |i D  |u 20250521 
902 |a https://opac.biblio.iteso.mx/vufind/Record/000563996